Open Data Biblioteca Nacional de Portugal


República Portuguesa: Ministério da Cultura
Biblioteca Nacional de Portugal

Catálogo da BNP: acesso por Identificadores Unívocos
Registos Bibliográficos associados ao registo de autoridade

Etiqueta de registo: 00230nam 2200025 450
001 1308103
003 http://id.bnportugal.gov.pt/bib/catbnp/1308103
100 ## $a20050121d2003 k y0pory0103 ba
101 0# $apor$deng
102 ## $aPT
105 ## $aa m 001yy
106 ## $ar
200 1# $aIncursões no trilho da tuberculose pulmonar$bTexto policopiado]$fVitor Miguel Jacinto de Matos$gorient. Ana Luísa Santos
210 #9 $aCoimbra$c[s.n.],$d2003
215 ## $a[16], 120, [23] p.$cil.$d30 cm $ecurriculum vitae (8 f.)
320 ## $aBibliografia, p. 113-120
328 #0 $bTese mestr.$cEvolução Humana$eDepartamento de Antropologia, Faculdade de Ciências e Tecnologia, Univ. de Coimbra$d2003
675 ## $a616.24-007.5(469)"18/19"(043.2)$vBN$zpor$31208932
675 ## $a611.71.08(469)"18/19"(043.2)$vBN$zpor$31208933
700 #1 $aMatos,$bVitor Miguel Jacinto de,$f1976- $31195640
702 #1 $aSantos,$bAna Luísa$4727$3491291
712 02 $aUniversidade de Coimbra.$bFaculdade de Ciências e Tecnologia.$bDepartamento de Antropologia$4295$31216250
966 ## $lBN$mFGMON$sS.A. 109379 V.$x1

Etiqueta de registo: 00254nam 2200025 450
001 2284023
003 http://id.bnportugal.gov.pt/bib/catbnp/2284023
100 ## $a20260410d2025 k y0pory01030103ba
101 0# $apor$deng
102 ## $aPT
105 ## $aa m 000yy
106 ## $ar
200 1# $aFronteiras em transformação$eintegração entre os métodos radiológicos e a paleopatologia na análise das alterações proliferativas decorrentes da atividade do periósteo, em séries osteológicas portuguesas$fRosa Cristina Marques da Costa Ramos Gaspar$gorient. Ana Luísa da Conceição Santos, Vítor Miguel Jacinto de Matos, António Fernando Caldeira Lagem Abrantes
210 #9 $aCoimbra$c[s.n.],$d2025
215 ## $aXXXIX, 306, [11 p.$cil.$d30 cm
328 #1 $aTese dout. Antropologia, (Antropologia Biológica), Faculdade de Ciências e Tecnonologia da Universidade de Coimbra, 2025
700 #1 $aGaspar,$bRosa Cristina Marques da Costa Ramos$31995268
702 #1 $aSantos,$bAna Luísa$4727$3491291
702 #1 $aAbrantes,$bAntónio Fernando Caldeira Lagem$4727$31393182
702 #1 $aMatos,$bVitor Miguel Jacinto de,$f1976- $4727$31195640
801 #0 $aPT$bBN$gRPC
966 ## $lBN$mFGMON$x1
971 ## $cisantos$d20260410

OpendataBNP@bnportugal.pt | Mais informação sobre acesso aos dados BNP